000 00320nam a22001217a 4500
040 _cHS
082 _a333
100 _aខូវ គួង
245 _aCoastal zone management ការគ្រប់គ្រងតំបន់ឆ្នេរ
260 _aRUA
_bខូវ គួង
_c2010
300 _aNA
942 _cKB
999 _c9848
_d9848